Tài liệu kĩ thuật phổ thông Kĩ thuật phục vụ lớp 11

保存先:
書誌詳細
第一著者: Triệu Thị Chơi
フォーマット: 図書
言語:Undetermined
出版事項: Hà Nội Giáo Dục 1984
主題:
タグ: タグ追加
タグなし, このレコードへの初めてのタグを付けませんか!
Thư viện lưu trữ: Trung tâm Học liệu Trường Đại học Cần Thơ
LEADER 00539nam a2200181Ia 4500
001 CTU_46430
008 210402s9999 xx 000 0 und d
082 |a 648.007 
082 |b Ch462/ L11 
100 |a Triệu Thị Chơi 
245 0 |a Tài liệu kĩ thuật phổ thông 
245 0 |b Kĩ thuật phục vụ lớp 11 
245 0 |c Triệu Thị Chơi 
260 |a Hà Nội 
260 |b Giáo Dục 
260 |c 1984 
650 |a home economics 
980 |a Trung tâm Học liệu Trường Đại học Cần Thơ